000 00574nam a2200193Ia 4500
003 GCL
008 140319s9999 xx 000 0 ara d
040 _aGCL /
_cGCL
082 0 4 _a350
_bم ا
100 1 _aمحمد عثمان اسماعيل حميد
245 1 0 _aالادارة العامة /
_cمحمد عثمان اسماعيل حميد
300 _a511 ص
490 _a
650 0 4 _aالقانون الادارى
650 0 4 _aالادارة العامة
650 0 4 _aالتنمية الادارية
650 0 4 _aالبيروقراطية
942 _2ddc
_cBK
999 _c37683
_d37683